01267nam a22003011 45000010008000000030004000080050017000120080041000290100017000700200018000870350012001050400017001170820015001341000042001492450040001912500008002312600052002393000040002913360026003313370028003573380027003855000233004126500025006459060045006709420012007159520223007279990015009503108523OSt20260203165122.0900126s1932 enka 000 0 eng  a 33008126  a9780521458689 a3108523 aDLC/ICUcICU00a532.5bLAM1 aLamb, Horace,cSir,d1849-1934.9363710aHydrodynamics/cby Sir Horace Lamb  a6/e aCambridge :bCambridge University Press,c1937. axxv,738p..billus., diagrs.c28 cm. atextbtxt2rdacontent aunmediatedbn2rdamedia avolumebnc2rdacarrier a"This may be regarded as the sixth edition of a Treatise on the mathematical theory of the motion of fluids, published in 1879. Subsequent editions, largely remodelled and extended, have appeared under the present title."--Pref. 0aHydrodynamics.93636 a7bcbccorignewdueocipf19gy-gencatlg 2ddccBK 00102ddc40738REFaIITGCLbIITGCLcREFd2026-02-03eAtlantic Publishers and Distributors (P) Ltd.g9580.00l0o532.5 LAMp4598r2026-02-03 16:49:09t1v9580.00w2026-02-03yREFz1204900||05-01-2026|36.20%||GBP 79.00 c1860d1860